MARC

LEADER 00000nam0a2200000 4500
001 290126
005 20231102000244.0
020 |a RU  |b 84-164 
035 |a (RuTPU)RU\TPU\book\314656 
090 |a 290126 
100 |a 20150403d1983 km y0rusy5003 ca 
101 0 |a rus 
102 |a RU 
105 |a y z 000zy 
200 1 |a Гидродобыча: вчера, сегодня, завтра  |f В. Бобров 
210 |a Кемерово  |c Книжное изд-во  |d 1983 
215 |a 80 с. 
606 1 |a Горные работы открытые  |x Гидромеханизация  |x Технологическое проектирование  |2 stltpush  |3 (RuTPU)RU\TPU\subj\8236  |9 35701 
606 1 |a Угледобыча открытая  |x Гидромеханизация  |2 stltpush  |3 (RuTPU)RU\TPU\subj\62356  |9 79436 
610 1 |a гидродобыча 
610 1 |a гидродобычные агрегаты 
610 1 |a гидравлическая техника 
610 1 |a гидравлическая добыча 
610 1 |a гидравлическое оборудование 
610 1 |a проблемы 
610 1 |a перспективы 
675 |a 622.333:622.271  |z rus  |v 3 
700 1 |a Бобров  |b В. Я.  |g Владимир Яковлевич  |4 070 
801 0 |a RU  |b RuMRKP  |c 19950704  |g psbo 
801 1 |a RU  |b 63413507  |c 20150403 
801 2 |a RU  |b 63413507  |c 20190325  |g RCR 
942 |c BK